Derecho Penal Alemǹ

Detalles Bibliográficos
Autor principal: Welzel, Hans
Formato: eBook
Lenguaje:español
Publicado: Mx̌ico D.F.: Jurd̕ica de las Americas, 2010
Materias:
Acceso en línea:Acceso restringido

MARC

LEADER 00000nam a22000007a 4500
005 20130709191558.0
007 cr|||| ||||
008 130709s2010 mx |||||s|||| 00||0 spa d
020 |a 978-607-7877-14-1 
035 |a 11331 
040 |a vLex 
090 |c 4403  |d 4403 
100 1 |a Welzel, Hans 
245 1 0 |a Derecho Penal Alemǹ  |h [Recurso electrn̤ico] /  |c Hans Welzel  
256 |a Servicio en ln̕ea 
260 |a Mx̌ico D.F.:  |b Jurd̕ica de las Americas,   |c 2010 
300 |a 1 recurso electrn̤ico 
506 1 |a Contenido solo disponible en los productos indicados  |d vLex Global  |d vLex Global (Academic Edition, excluding Law Schools)  |d vLex Global (U.S. Academic Edition, Law Schools)  |d vLex Global (U.S. Academic Edition, excluding Law Schools)  |d vLex Global (Academic Edition, Law Schools) 
650 0 4 |a Derecho Penal  |z Alemania 
740 0 |a vLex libros (Servicio en ln̕ea) 
856 4 0 |u http://vlex.com/source/derecho-penal-aleman-11331  |z Acceso restringido 
942 |c BOOK 
999 0 |a Criminal Law